000 002470000a22000970004500
100 1 _aParada, Nehemías
245 1 0 _aSer iglesia en tiempo de guerra
300 _aVol. 11, (2002), Páginas 3-4
773 0 _tLa Voz Luterana de Colombia
942 _cANA
999 _c51800
_d51800